000 00834nam0a22002771 4500
001 2557566
005 20251118181717.1
021 _aRU
_b79-51069
035 _a(NLR Aleph) 006443429
090 _a5664441
_c5664441
100 _a20110316d1979 u y0rusy50 ca
101 1 _arus
_aeng
_crus
102 _aRU
105 _aa z |||||
200 1 _a6000 move in every day
_e(A good flat for every family)
_fAlexander Dedul
210 _aMoskow
_cNovosti press agency publ. house
_d1979
215 _a55 с., 8 л. ил.
_d17
225 1 _aSoviet democracy at work
686 _aУ9(2)315.441.20,0
_2rubbk
700 1 _aДедул
_bА.Н.
_gАлександр Николаевич
801 0 _aRU
_bNLR
_gpsbo
801 1 _aRU
_bELAR
_2rusmarc
852 _aNLR
_jDesideratum
899 _aRuMoRGB
_jM 79-14/340
942 _cBOOK
980 _aNB